000 00272nam a2200097Ia 4500
001 647269
005 20250826153659.0
008 250824s9999 xx 000 0 und d
245 0 _aPROFESÖR İYON İLE FEN 3 EN HAVALI YARIŞMA
_cBİRSEN EKİM ÖZEN
260 _bTİMAŞ ÇOCUK
999 _c647269
_d647269